The dictionary of confusing words / (Record no. 156713)

MARC details
000 -LEADER
fixed length control field 00539nam a22001817a 4500
005 - DATE AND TIME OF LATEST TRANSACTION
control field 20180831142857.0
010 ## - LCCN (DPL NO)
LC control number ENG-123919
020 ## - INTERNATIONAL STANDARD BOOK NUMBER
Terms of availability 350.00
International Standard Book Number 9788190966016
035 ## - SYSTEM CONTROL NUMBER
System control number EN-107451
037 ## - SOURCE OF ACQUISITION
Source of stock number/acquisition DBAD/PUB
082 ## - DEWEY DECIMAL CLASSIFICATION NUMBER
Classification number 483
245 ## - TITLE STATEMENT
Title The dictionary of confusing words /
Statement of responsibility, etc ed. & complied. by Reema Tiwari
260 ## - PUBLICATION, DISTRIBUTION, ETC. (IMPRINT)
Date of publication, distribution, etc 2011
Place of publication, distribution, etc Delhi
Name of publisher, distributor, etc Rainbow Publication
270 ## - ADDRESS
Address 6/85, Karkari Road, Shahdara,
City Delhi
Postal code 110032
300 ## - PHYSICAL DESCRIPTION
Dimensions 21cm.(Hb.)
Extent 240p.
700 ## - ADDED ENTRY--PERSONAL NAME
Personal name Tiwari, Reema
942 ## - ADDED ENTRY ELEMENTS (KOHA)
Item type English Books
Source of classification or shelving scheme Dewey Decimal Classification
Call number suffix DIC
Classification part 483
Holdings
Withdrawn status Lost status Not for loan Collection code Home library Current library Date acquired Source of acquisition Cost, normal purchase price Full call number Barcode Copy number Cost, replacement price Koha item type
    Not For Loan Non-fiction D.B.Act.Division Sarojini Nagar 30/08/2018 DBAD/PUB 350.00 483 THE EN-107451 1 350.00 English Books

© Delhi Public Library
Hit Counter
free hit counter